000
00227nam a22001097a 4500
003
SGT
082
_a
618.92
_b
P86B
100
_a
BIRRELL, J.F.
245
_a
PEDIATRIC OTOLARYNGOLOGY
260
_a
INDIA
_b
IOP
_c
1986
300
_a
268
999
_c
14942
_d
14942